| 000 | 00948nam a22001817a 4500 | ||
|---|---|---|---|
| 999 |
_c63228 _d63228 |
||
| 003 | Ge_BSU | ||
| 005 | 20250702100704.0 | ||
| 008 | 250702s1984 ge ||||| |||| 00| 0 geo d | ||
| 041 | _ageo | ||
| 080 | _a66(479.22): 669(479.22 მ-91 | ||
| 100 |
_aმუმლაძე, კარპე, _925593 |
||
| 245 |
_aწერილები რუსთავიდან : _b[ქიმიისა და მეტალურგიის განვითარების პერსპექტივები]. / _cკარპე მუმლაძე. |
||
| 264 |
_aთბილისი: _bსაბჭ. საქართველო, _c 1984. |
||
| 300 |
_a122 გვ. ; _b17 სმ. |
||
| 653 | _aქიმიური მრეწველობა საქართველოში. | ||
| 653 | _aმეტალურგიული მრეწველობა საქართველოში. | ||
| 942 |
_2udc _cᲬᲘᲒᲜᲘ |
||